01117nam a2200205 a 450000100100000000500170001000800410002702000150006804000250008308200150010824501050012326000450022830000370027350001530031050001940046370000350065771000890069295201130078199900170089400003700020200930080056.0120207s2000 dr ac 000 0 spa d a9993423092 aDO-SdBNPbspacBNPHU axxxxbP96500aPropuestas para un Estado democrático, participativo y descentralizado. /cprólogo Onofre Rojas. aSanto Domingo :bAmigo del Hogar,c2000. a421 p. :bils., retrs. ;c31 cm. aA la cabeza del título: consulta ciudadana sobre desentralización del Estado y el desarrollo provincial y municipal ¡tu tienes mucho que decir! aLa presente publicación ha sido auspiciada por el Proyecto de Apoyo Inmediato a la Reforma del Estado (PAIRE), que es financiado por la Unión Europea a través de la oficina de LOME lV1 aRojas, Onofre,epról.9311192 aComisión Presidencial para la Reforma y Modernización del Estado, COPRyME963395 0010718PDaPDbPDcCTd2012-02-07iLF1l0oxxxx P965p37000-10r2020-06-25w2020-06-25yLFPDZNo se presta c36490d36490